[Event "Cheliabinsk Panchenko Memorial op-A"]
[Site "Cheliabinsk"]
[Date "2022.09.21"]
[Round "10"]
[White "Panov, Maksim"]
[Black "Manukyan, Sargis A"]
[Result "1/2-1/2"]
[WhiteElo "2242"]
[BlackElo "2083"]
[PlyCount "91"]
[EventDate "2022.09.12"]
[EventType "swiss"]
[EventRounds "10"]
[EventCountry "RUS"]
[SourceTitle "CBM 210 Extra"]
[Source "ChessBase"]
[SourceDate "2022.11.30"]
[SourceVersion "1"]
[SourceVersionDate "2022.11.30"]
[SourceQuality "1"]

1. d4 d5 2. c4 e6 3. Nf3 Nf6 4. g3 Be7 5. Bg2 0-0 6. 0-0 dxc4 7. Ne5 c5 8. dxc5 Qc7 9. Nxc4 Qxc5 10. b3 Rd8 11. Nbd2 Qc7 12. Bb2 Nc6 13. Rc1 Bd7 14. Qc2 Rdc8 15. Ne5 Be8 16. Nxc6 Bxc6 17. Bxc6 Qxc6 18. Qxc6 Rxc6 19. Rxc6 bxc6 20. Nf3 c5 21. Rc1 Nd7 22. Kf1 f6 23. Ba3 Kf7 24. Ne1 e5 25. Nd3 Rc8 26. e4 Rc6 27. Rc2 a5 28. Nb2 Nb6 29. Ke2 Ke6 30. f3 g6 31. Rc1 h5 32. h4 f5 33. Nc4 a4 34. Nxb6 Rxb6 35. bxa4 f4 36. gxf4 exf4 37. Bxc5 Rb2+ 38. Kd3 Bxh4 39. Kc4 Bd8 40. Rd1 Bc7 41. Rg1 Kf6 42. Kd5 Rxa2 43. Rb1 Rd2+ 44. Bd4+ Ke7 45. e5 h4 46. Rb7 1/2-1/2

[Event "Cheliabinsk Panchenko Memorial op-A"]
[Site "Cheliabinsk"]
[Date "2022.09.19"]
[Round "8"]
[White "Panov, Maksim"]
[Black "Koshulyan, Egor A"]
[Result "1/2-1/2"]
[WhiteElo "2242"]
[BlackElo "2002"]
[PlyCount "104"]
[EventDate "2022.09.12"]
[EventType "swiss"]
[EventRounds "10"]
[EventCountry "RUS"]
[SourceTitle "CBM 210 Extra"]
[Source "ChessBase"]
[SourceDate "2022.11.30"]
[SourceVersion "1"]
[SourceVersionDate "2022.11.30"]
[SourceQuality "1"]

1. d4 d5 2. c4 e6 3. Nf3 Nf6 4. g3 dxc4 5. Bg2 a6 6. 0-0 Nc6 7. Nc3 Rb8 8. a4 Be7 9. a5 0-0 10. e4 Bb4 11. e5 Nd5 12. Qc2 h6 13. Bd2 b5 14. axb6 cxb6 15. Ne4 Bxd2 16. Qxd2 b5 17. Nd6 a5 18. Nh4 Qb6 19. Rad1 Nce7 20. g4 Qd8 21. f4 f5 22. gxf5 exf5 23. Ng6 Be6 24. Nxf8 Kxf8 25. Ra1 a4 26. Rf3 Nc8 27. Nxc8 Rxc8 28. Rg3 Qe7 29. Qa5 Nxf4 30. Bf3 Qd7 31. Qb6 Bd5 32. Rf1 Bxf3 33. Rgxf3 Qxd4+ 34. Qxd4 Ne2+ 35. Kh1 Nxd4 36. Rf4 Ne6 37. Rxf5+ Kg8 38. Rf7 Rc5 39. Rb7 Rxe5 40. Rd1 Nf4 41. Kg1 Nd3 42. Rd2 Re1+ 43. Kg2 b4 44. Rc7 c3 45. bxc3 b3 46. Rxd3 b2 47. Rd8+ Kh7 48. Rb8 b1Q 49. Rxb1 Rxb1 50. Ra7 Rb2+ 51. Kg3 Ra2 52. c4 Ra3+ 1/2-1/2

[Event "Cheliabinsk Panchenko Memorial op-A"]
[Site "Cheliabinsk"]
[Date "2022.09.13"]
[Round "2"]
[White "Panov, Maksim"]
[Black "Sheremetev, Vladislav"]
[Result "0-1"]
[WhiteElo "2242"]
[BlackElo "2010"]
[PlyCount "114"]
[EventDate "2022.09.12"]
[EventType "swiss"]
[EventRounds "10"]
[EventCountry "RUS"]
[SourceTitle "CBM 210 Extra"]
[Source "ChessBase"]
[SourceDate "2022.11.30"]
[SourceVersion "1"]
[SourceVersionDate "2022.11.30"]
[SourceQuality "1"]

1. e4 c5 2. Nc3 a6 3. g3 b5 4. Bg2 Bb7 5. Nge2 e6 6. 0-0 Nf6 7. d3 d5 8. exd5 Nxd5 9. Nxd5 Bxd5 10. Bxd5 Qxd5 11. Nc3 Qc6 12. a4 b4 13. Ne4 Nd7 14. b3 Bd6 15. f4 0-0 16. Qf3 Qd5 17. Bb2 Rae8 18. Rae1 f6 19. Re2 Bb8 20. Rfe1 Kf7 21. Kg2 Nb6 22. Bc1 Nc8 23. Be3 Ba7 24. Nxc5 Qd6 25. Ne4 Qd5 26. Bxa7 Nxa7 27. f5 Ke7 28. Nd2 Qxf3+ 29. Nxf3 Kd7 30. Rxe6 Rxe6 31. Rxe6 Nc6 32. d4 Rc8 33. g4 Ne7 34. Ne1 Nc6 35. Nf3 Ne7 36. Re2 Nd5 37. Kf2 Nf4 38. Rd2 Rc3 39. Ng1 Kd6 40. Ne2 Nxe2 41. Rxe2 Kd5 42. Rd2 h5 43. gxh5 Rh3 44. Kg2 Rxh5 45. Kg3 Rxf5 46. h4 Rf1 47. Kg4 Rg1+ 48. Kf5 Rh1 49. Kg4 Rg1+ 50. Kh3 Re1 51. Rg2 Rh1+ 52. Kg4 Kxd4 53. Kf5 Rxh4 54. Rxg7 Kc3 55. Rc7+ Kb2 56. Kxf6 Rh2 57. Rc6 Rh6+ 0-1

[Event "Cheliabinsk Panchenko Memorial op-A"]
[Site "Cheliabinsk"]
[Date "2022.09.12"]
[Round "1"]
[White "Nozdrachev, Vladislav"]
[Black "Panov, Maksim"]
[Result "1-0"]
[WhiteElo "2507"]
[BlackElo "2242"]
[PlyCount "33"]
[EventDate "2022.09.12"]
[EventType "swiss"]
[EventRounds "10"]
[EventCountry "RUS"]
[SourceTitle "CBM 210 Extra"]
[Source "ChessBase"]
[SourceDate "2022.11.30"]
[SourceVersion "1"]
[SourceVersionDate "2022.11.30"]
[SourceQuality "1"]

1. e4 d5 2. exd5 Qxd5 3. Nc3 Qa5 4. d4 Nf6 5. Bc4 Bg4 6. Nge2 e6 7. f3 Bf5 8. g4 Bg6 9. h4 h6 10. Nf4 Bh7 11. Bd2 c6 12. Qe2 Bb4 13. 0-0-0 Nbd7 14. g5 Nd5 15. Bxd5 cxd5 16. g6 Bxc3 17. Bxc3 1-0

[Event "Cheliabinsk Panchenko Memorial op"]
[Site "Cheliabinsk"]
[Date "2019.09.14"]
[Round "6"]
[White "Panov, Maksim"]
[Black "Filippova, Margarita"]
[Result "1-0"]
[WhiteElo "2221"]
[BlackElo "1954"]
[PlyCount "87"]
[EventDate "2019.09.09"]
[EventType "swiss"]
[EventRounds "9"]
[EventCountry "RUS"]
[SourceTitle "EXT 2020"]
[Source "ChessBase"]
[SourceDate "2019.10.17"]
[SourceVersion "1"]
[SourceVersionDate "2019.10.17"]
[SourceQuality "1"]

1. Nf3 Nf6 2. d4 d5 3. c4 e6 4. g3 Be7 5. Bg2 0-0 6. 0-0 Nbd7 7. Nc3 dxc4 8. a4 c5 9. a5 Nd5 10. Qa4 N7f6 11. Qxc4 Bd7 12. dxc5 Rc8 13. b4 b6 14. Nxd5 exd5 15. Qd3 bxc5 16. bxc5 Bxc5 17. Bb2 Be6 18. Ng5 d4 19. Nxe6 fxe6 20. Bh3 Qd5 21. e3 Rce8 22. Bxd4 Bxd4 23. Qxd4 Qh5 24. Bg2 Re7 25. h3 e5 26. Qc4+ Kh8 27. Rab1 e4 28. a6 Qe5 29. Rb7 h5 30. Qd4 Qxd4 31. exd4 Re6 32. Rxa7 Nd5 33. Rd7 Nf6 34. Ra7 Nd5 35. Ra1 Nb4 36. Ra5 g6 37. d5 Ref6 38. Rb5 Nxa6 39. Bxe4 Rxf2 40. Rxa6 Rf1+ 41. Kh2 R8f2+ 42. Bg2 Kg7 43. Rab6 Rd1 44. Rb2 1-0

[Event "Cheliabinsk Panchenko Memorial op"]
[Site "Cheliabinsk"]
[Date "2019.09.09"]
[Round "1"]
[White "Panov, Maksim"]
[Black "Drygalov, Andrey"]
[Result "0-1"]
[WhiteElo "2221"]
[BlackElo "2499"]
[PlyCount "62"]
[EventDate "2019.09.09"]
[EventType "swiss"]
[EventRounds "9"]
[EventCountry "RUS"]
[SourceTitle "EXT 2020"]
[Source "ChessBase"]
[SourceDate "2019.10.17"]
[SourceVersion "1"]
[SourceVersionDate "2019.10.17"]
[SourceQuality "1"]

1. d4 Nf6 2. Nf3 d5 3. c4 e6 4. g3 Bb4+ 5. Bd2 Be7 6. Bg2 0-0 7. Qc2 Nbd7 8. 0-0 c6 9. Bf4 b6 10. Nc3 Ba6 11. cxd5 cxd5 12. Qa4 Bb7 13. Rfc1 a6 14. a3 b5 15. Qd1 Rc8 16. Na2 Nb6 17. Rxc8 Qxc8 18. Rc1 Qa8 19. Nb4 Nc4 20. Nd3 Ne4 21. h4 Qa7 22. Qb3 f6 23. Bh3 Qb6 24. Qa2 e5 25. dxe5 fxe5 26. Nfxe5 Nxe5 27. Bxe5 Nxf2 28. Nxf2 Qxf2+ 29. Kh1 Qe3 30. Rc7 Qxe5 31. Rxb7 Qe4+ 0-1

[Event "RUS-chT U18"]
[Site "St Petersburg"]
[Date "2015.08.04"]
[Round "4.41"]
[White "Shubin, Kirill"]
[Black "Panov, Maksim"]
[Result "1-0"]
[WhiteElo "2216"]
[BlackElo "2187"]
[PlyCount "61"]
[EventDate "2015.08.01"]
[EventType "team-swiss"]
[EventRounds "9"]
[EventCountry "RUS"]
[SourceTitle "CBM 167 Extra"]
[Source "ChessBase"]
[SourceDate "2015.09.14"]
[SourceVersion "1"]
[SourceVersionDate "2015.09.14"]
[SourceQuality "1"]
[WhiteTeam "Vladivostok"]
[BlackTeam "Cheliabinsk Chess and Checkers"]
[WhiteTeamCountry "RUS"]
[BlackTeamCountry "RUS"]

1. e4 d5 2. exd5 Qxd5 3. Nc3 Qa5 4. d4 Nf6 5. Nf3 Bf5 6. Bd2 e6 7. Bc4 Bb4 8. a3 Bxc3 9. Bxc3 Qb6 10. 0-0 Nc6 11. a4 a5 12. Ne5 0-0 13. Bb5 Nxe5 14. dxe5 Rfd8 15. exf6 Rxd1 16. Rfxd1 c6 17. Be2 Re8 18. Rd7 gxf6 19. Bh5 Bg6 20. Bxg6 hxg6 21. Bxf6 Qc5 22. Rd3 Qf5 23. Rf3 Qxf3 24. gxf3 g5 25. Rd1 Kh7 26. Rd8 Rxd8 27. Bxd8 Kg6 28. Bxa5 Kf5 29. Bc3 e5 30. Kg2 f6 31. Kg3 1-0

[Event "RUS-chT U20"]
[Site "Kolomna"]
[Date "2014.08.07"]
[Round "6"]
[White "Dilmukhametov, Artur"]
[Black "Panov, Maksim"]
[Result "1/2-1/2"]
[WhiteElo "2176"]
[BlackElo "2187"]
[PlyCount "76"]
[EventDate "2014.08.02"]
[EventType "swiss"]
[EventRounds "9"]
[EventCountry "RUS"]
[SourceTitle "EXT 2016"]
[Source "ChessBase"]
[SourceDate "2015.10.08"]
[SourceVersion "1"]
[SourceVersionDate "2015.10.08"]
[SourceQuality "1"]

1. d4 Nf6 2. Nf3 g6 3. c4 Bg7 4. g3 0-0 5. Bg2 d6 6. 0-0 Nc6 7. d5 Na5 8. Nfd2 c5 9. Nc3 a6 10. Qc2 Rb8 11. b3 b5 12. Bb2 bxc4 13. bxc4 Bh6 14. f4 e5 15. dxe6 Bxe6 16. Nd5 Rxb2 17. Qxb2 Ng4 18. Qc1 Bg7 19. Rb1 Bd4+ 20. Kh1 Bxd5 21. cxd5 Ne3 22. Qa3 Re8 23. Bf3 Nxf1 24. Nxf1 Qc7 25. Qd3 Qa7 26. Qa3 Qc7 27. e4 c4 28. Qa4 Rb8 29. Rxb8+ Qxb8 30. Qxa5 Qb1 31. Kg2 c3 32. e5 Qe1 33. Qd8+ Kg7 34. Qf6+ Kg8 35. Qd8+ Kg7 36. Qf6+ Kg8 37. Qd8+ Kg7 38. Qf6+ Kg8 1/2-1/2

[Event "RUS-chT U20"]
[Site "Kolomna"]
[Date "2014.08.04"]
[Round "3"]
[White "Schekachikhin, Maksim"]
[Black "Panov, Maksim"]
[Result "1-0"]
[WhiteElo "2080"]
[BlackElo "2187"]
[PlyCount "75"]
[EventDate "2014.08.02"]
[EventType "swiss"]
[EventRounds "9"]
[EventCountry "RUS"]
[SourceTitle "EXT 2016"]
[Source "ChessBase"]
[SourceDate "2015.10.08"]
[SourceVersion "1"]
[SourceVersionDate "2015.10.08"]
[SourceQuality "1"]

1. e4 d5 2. exd5 Qxd5 3. Nc3 Qa5 4. g3 Nf6 5. Bg2 c6 6. Nge2 g6 7. 0-0 Bg7 8. d4 0-0 9. Bd2 Qh5 10. Nf4 Qxd1 11. Nxd1 Rd8 12. Bc3 Nd5 13. Nxd5 cxd5 14. Ne3 e6 15. Rfd1 Nc6 16. b4 a6 17. a4 Bd7 18. b5 axb5 19. axb5 Rxa1 20. Bxa1 Na7 21. c4 dxc4 22. b6 Nc8 23. Nxc4 Bb5 24. Na5 Rd6 25. Rc1 Bd7 26. Nc4 Rxd4 27. Bxd4 Bxd4 28. Rd1 e5 29. Bxb7 Bg4 30. Rxd4 exd4 31. Bxc8 Bxc8 32. Nd6 d3 33. Kf1 Ba6 34. Ke1 Kg7 35. Kd2 Kf6 36. b7 Bxb7 37. Nxb7 Kf5 38. f3 1-0

[Event "Satka Summer op"]
[Site "Satka"]
[Date "2014.07.07"]
[Round "7"]
[White "Drygalov, Sergey"]
[Black "Panov, Maksim"]
[Result "1-0"]
[WhiteElo "2111"]
[BlackElo "2187"]
[PlyCount "67"]
[EventDate "2014.07.02"]
[EventType "swiss"]
[EventRounds "9"]
[EventCountry "RUS"]
[SourceTitle "CBM 161 Extra"]
[Source "ChessBase"]
[SourceDate "2014.08.29"]
[SourceVersion "1"]
[SourceVersionDate "2014.08.29"]
[SourceQuality "1"]

1. e4 d5 2. exd5 Qxd5 3. Nc3 Qd6 4. Nf3 Nf6 5. d4 a6 6. g3 Bg4 7. Bg2 Nc6 8. Bf4 Qd7 9. h3 Bxf3 10. Qxf3 Qxd4 11. 0-0 0-0-0 12. Rad1 Qb6 13. Rxd8+ Nxd8 14. Rd1 e6 15. Na4 Qa5 16. b3 Nc6 17. Qe3 Nd7 18. Bxc6 bxc6 19. Qd3 Bd6 20. Bxd6 cxd6 21. Qxd6 Nb8 22. Qd4 Rd8 23. Nb6+ Qxb6 24. Qxb6 Rxd1+ 25. Kg2 Rd2 26. Qc5 f6 27. Qf8+ Kc7 28. Qxg7+ Nd7 29. Qxh7 e5 30. h4 Kd6 31. h5 Nc5 32. Qf5 Kd5 33. h6 Ne4 34. h7 1-0

[Event "Satka Summer op"]
[Site "Satka"]
[Date "2014.07.03"]
[Round "2"]
[White "Drygalov, Andrey"]
[Black "Panov, Maksim"]
[Result "1-0"]
[WhiteElo "2076"]
[BlackElo "2187"]
[PlyCount "63"]
[EventDate "2014.07.02"]
[EventType "swiss"]
[EventRounds "9"]
[EventCountry "RUS"]
[SourceTitle "CBM 161 Extra"]
[Source "ChessBase"]
[SourceDate "2014.08.29"]
[SourceVersion "1"]
[SourceVersionDate "2014.08.29"]
[SourceQuality "1"]

1. e4 d5 2. exd5 Qxd5 3. Nc3 Qa5 4. d4 Nf6 5. Nf3 Bf5 6. Bc4 e6 7. 0-0 c6 8. Bd2 Bb4 9. Qe2 0-0 10. a3 Bxc3 11. Bxc3 Qc7 12. Ne5 Nbd7 13. b4 Nd5 14. Bb2 Nxe5 15. dxe5 a5 16. Bd4 b6 17. bxa5 Rxa5 18. g4 Bg6 19. f4 Ne7 20. Bc3 Ra4 21. Bb4 c5 22. Bb5 Raa8 23. Be1 h6 24. a4 Bh7 25. Rd1 Rad8 26. Bh4 Rxd1 27. Rxd1 Rd8 28. c4 Kf8 29. Rd2 Rxd2 30. Qxd2 Be4 31. Qd6 Qb7 32. Qd8# 1-0

[Event "Urals-ch 72nd"]
[Site "Tiumen"]
[Date "2014.03.25"]
[Round "6"]
[White "Ginosyan, Razmik"]
[Black "Panov, Maksim"]
[Result "0-1"]
[WhiteElo "1933"]
[BlackElo "2153"]
[PlyCount "114"]
[EventDate "2014.03.20"]
[EventType "swiss"]
[EventRounds "9"]
[EventCountry "RUS"]
[SourceTitle "CBM 159 Extra"]
[Source "ChessBase"]
[SourceDate "2014.04.24"]
[SourceVersion "1"]
[SourceVersionDate "2014.04.24"]
[SourceQuality "1"]

1. e4 d5 2. exd5 Qxd5 3. Nc3 Qa5 4. d4 Nf6 5. Bc4 c6 6. Bd2 Bf5 7. Nd5 Qd8 8. Nxf6+ gxf6 9. Nf3 e6 10. Bf4 Bd6 11. Bg3 Bg4 12. c3 f5 13. Bxd6 Qxd6 14. Qd3 Bxf3 15. Qxf3 Rg8 16. 0-0-0 Nd7 17. h3 Qe7 18. Kb1 Qg5 19. g4 fxg4 20. hxg4 Qxg4 21. Qxg4 Rxg4 22. Rxh7 Ke7 23. Re1 Nf8 24. Rh8 Rf4 25. Re2 c5 26. Bd5 cxd4 27. cxd4 Rb8 28. Be4 Kd6 29. Bxb7 Rxd4 30. Be4 Ke7 31. b3 Rb5 32. Bc2 a5 33. Kb2 Rc5 34. Rh3 Nd7 35. Rc3 Rh5 36. Rc8 Nb6 37. Rc7+ Kf6 38. Be4 Re5 39. f3 Nd5 40. Rc4 Rd1 41. Rh2 Rg5 42. Rh6+ Ke5 43. Rh7 Rd2+ 44. Rc2 Rxc2+ 45. Bxc2 f5 46. Rh1 Rg2 47. Re1+ Kf4 48. Kc1 Ne3 49. Bd3 Rxa2 50. Rh1 Kxf3 51. Rh3+ Kf4 52. Rh4+ Ke5 53. Bb1 Rg2 54. Ra4 f4 55. Rxa5+ Nd5 56. Ra4 Rg1+ 57. Kb2 Rxb1+ 0-1

[Event "Urals-ch 72nd"]
[Site "Tiumen"]
[Date "2014.03.24"]
[Round "5"]
[White "Panov, Maksim"]
[Black "Chukleev, Sergei"]
[Result "1-0"]
[WhiteElo "2153"]
[BlackElo "1917"]
[PlyCount "81"]
[EventDate "2014.03.20"]
[EventType "swiss"]
[EventRounds "9"]
[EventCountry "RUS"]
[SourceTitle "CBM 159 Extra"]
[Source "ChessBase"]
[SourceDate "2014.04.24"]
[SourceVersion "1"]
[SourceVersionDate "2014.04.24"]
[SourceQuality "1"]

1. Nf3 c5 2. c4 g6 3. d4 cxd4 4. Nxd4 Bg7 5. Nc3 Nc6 6. e3 Nf6 7. Be2 0-0 8. 0-0 d6 9. b3 Bd7 10. Bb2 Re8 11. Rc1 Rc8 12. Qd2 Qa5 13. Rfd1 Qg5 14. Nf3 Qh6 15. Nd5 Ng4 16. h3 Nge5 17. Nh2 Be6 18. b4 b6 19. f4 Nd7 20. Ng4 Bxg4 21. Bxg4 e6 22. Bxg7 Qxg7 23. Nc3 Nxb4 24. Qxd6 Nc5 25. Bf3 Qf8 26. Nb5 Rcd8 27. Qxf8+ Kxf8 28. Nxa7 Nxa2 29. Ra1 Nc3 30. Rxd8 Rxd8 31. Nc6 Rd3 32. Ra8+ Kg7 33. Ne5 Rxe3 34. Kf2 Rxe5 35. fxe5 Nd3+ 36. Ke3 Nxe5 37. Kd4 Nxf3+ 38. gxf3 Ne2+ 39. Ke3 Nc3 40. Kd4 Nd1 41. Ra2 1-0

[Event "Satka Summer op"]
[Site "Satka"]
[Date "2013.07.08"]
[Round "8"]
[White "Shelokov, Valery"]
[Black "Panov, Maksim"]
[Result "1/2-1/2"]
[WhiteElo "1982"]
[BlackElo "2093"]
[PlyCount "104"]
[EventDate "2013.07.02"]
[EventType "swiss"]
[EventRounds "9"]
[EventCountry "RUS"]
[SourceTitle "EXT 2014"]
[Source "ChessBase"]
[SourceDate "2013.11.20"]
[SourceVersion "1"]
[SourceVersionDate "2013.11.20"]
[SourceQuality "1"]

1. e4 d5 2. exd5 Nf6 3. Bb5+ Bd7 4. Bc4 Bg4 5. f3 Bc8 6. Nc3 Nbd7 7. Nge2 Nb6 8. d3 Nbxd5 9. 0-0 e6 10. Bb3 Be7 11. Ne4 0-0 12. c4 Nxe4 13. fxe4 Nb4 14. d4 e5 15. a3 Na6 16. d5 Nc5 17. Bc2 a5 18. Be3 Bg4 19. h3 Bxe2 20. Qxe2 b6 21. Qg4 Qd6 22. Qg3 a4 23. Kh1 Nd7 24. Rf5 Qg6 25. Qf2 f6 26. Rd1 Qe8 27. Qe2 Bc5 28. Rf2 Qe7 29. Qd3 Rfd8 30. Rfd2 Qd6 31. Qe2 Bxe3 32. Qxe3 Nc5 33. Qf3 Nb7 34. Rf2 Qc5 35. Qg3 Kh8 36. Bd3 Na5 37. Rc2 Nb3 38. Rf1 Qd4 39. Qf3 Ra5 40. g4 Qc5 41. Rcf2 Nd4 42. Qg3 Qe7 43. g5 Rf8 44. Qh4 Raa8 45. gxf6 Rxf6 46. Rxf6 gxf6 47. Qxf6+ Qxf6 48. Rxf6 Kg7 49. Rf2 Rf8 50. Rxf8 Kxf8 51. Kg2 Kg7 52. Bf1 Nb3 1/2-1/2

[Event "Satka Summer op"]
[Site "Satka"]
[Date "2013.07.07"]
[Round "6"]
[White "Panov, Maksim"]
[Black "Looshnikov, Nikolai"]
[Result "1-0"]
[WhiteElo "2093"]
[BlackElo "2491"]
[PlyCount "63"]
[EventDate "2013.07.02"]
[EventType "swiss"]
[EventRounds "9"]
[EventCountry "RUS"]
[SourceTitle "EXT 2014"]
[Source "ChessBase"]
[SourceDate "2013.11.20"]
[SourceVersion "1"]
[SourceVersionDate "2013.11.20"]
[SourceQuality "1"]

1. c4 e5 2. Nc3 Nf6 3. Nf3 Nc6 4. g3 Bb4 5. Bg2 0-0 6. 0-0 Bxc3 7. bxc3 Re8 8. d3 e4 9. Ng5 exd3 10. exd3 d6 11. Ne4 Nxe4 12. Bxe4 Qf6 13. Rb1 Rxe4 14. dxe4 Qxc3 15. Qb3 Qf6 16. Bb2 Qh6 17. f4 b6 18. Rbc1 Ba6 19. Rfe1 Rd8 20. Qd3 Kf8 21. e5 Bb7 22. exd6 cxd6 23. Ba3 Ne7 24. Rc2 f5 25. Rce2 Be4 26. Rxe4 fxe4 27. Qxe4 Rd7 28. Bb2 Kf7 29. f5 Rc7 30. f6 gxf6 31. Qe6+ Kg7 32. Qxd6 1-0

[Event "Satka Summer op"]
[Site "Satka"]
[Date "2013.07.07"]
[Round "7"]
[White "Panov, Maksim"]
[Black "Matveev, Vladimir1111"]
[Result "0-1"]
[WhiteElo "2093"]
[BlackElo "2345"]
[PlyCount "110"]
[EventDate "2013.07.02"]
[EventType "swiss"]
[EventRounds "9"]
[EventCountry "RUS"]
[SourceTitle "EXT 2014"]
[Source "ChessBase"]
[SourceDate "2013.11.20"]
[SourceVersion "1"]
[SourceVersionDate "2013.11.20"]
[SourceQuality "1"]

1. c4 Nf6 2. Nc3 g6 3. g3 Bg7 4. Bg2 0-0 5. e3 e5 6. Nge2 d6 7. 0-0 Nbd7 8. Rb1 Re8 9. d3 Nc5 10. b4 Ne6 11. e4 c6 12. h3 Nh5 13. b5 Qa5 14. Qa4 Qc7 15. bxc6 bxc6 16. Ba3 Bd7 17. Qa6 Reb8 18. Rxb8+ Rxb8 19. Rb1 Rxb1+ 20. Nxb1 Nf6 21. Nd2 Bc8 22. Qa4 Nd7 23. Nb3 Bf8 24. h4 Qb6 25. Qb4 Ndc5 26. Nxc5 Nxc5 27. Qxb6 axb6 28. d4 Na4 29. d5 c5 30. Nc1 Ba6 31. Bf1 Bh6 32. Bd3 Bd2 33. Ne2 Kf8 34. Kf1 Ke7 35. Bc2 b5 36. Bc1 Ba5 37. f4 f6 38. fxe5 dxe5 39. Kf2 Nb6 40. cxb5 Bxb5 41. g4 Bd7 42. Kf3 Nc4 43. Ng3 Nd6 44. Ba3 Bb6 45. Bd3 Nb5 46. Bxb5 Bxb5 47. Ne2 Kd6 48. Nc3 Bd7 49. Bc1 Ba5 50. Bd2 Bb4 51. g5 f5 52. Ke3 f4+ 53. Kd3 Bh3 54. Nb5+ Kd7 55. Ke2 f3+ 0-1

[Event "Cheliabinsk Kibizov Memorial 8th"]
[Site "Cheliabinsk"]
[Date "2013.06.27"]
[Round "6"]
[White "Panov, Maksim"]
[Black "Gorbushin, Maksim"]
[Result "1/2-1/2"]
[WhiteElo "2093"]
[BlackElo "2164"]
[PlyCount "23"]
[EventDate "2013.06.22"]
[EventType "swiss"]
[EventRounds "9"]
[EventCountry "RUS"]
[SourceTitle "EXT 2014"]
[Source "ChessBase"]
[SourceDate "2013.11.20"]
[SourceVersion "1"]
[SourceVersionDate "2013.11.20"]
[SourceQuality "1"]

1. d4 d5 2. c4 e6 3. Nf3 Nf6 4. Bg5 Be7 5. e3 0-0 6. Bd3 dxc4 7. Bxc4 c5 8. dxc5 Qxd1+ 9. Kxd1 Bxc5 10. Bxf6 gxf6 11. Nc3 Rd8+ 12. Kc2 1/2-1/2

[Event "Cheliabinsk-ch final"]
[Site "Cheliabinsk"]
[Date "2013.01.26"]
[Round "7"]
[White "Polosin, Evgeni"]
[Black "Panov, Maksim"]
[Result "1/2-1/2"]
[WhiteElo "2045"]
[BlackElo "2051"]
[PlyCount "59"]
[EventDate "2013.01.15"]
[EventType "swiss"]
[EventRounds "9"]
[EventCountry "RUS"]
[SourceTitle "EXT 2014"]
[Source "ChessBase"]
[SourceDate "2013.11.20"]
[SourceVersion "1"]
[SourceVersionDate "2013.11.20"]
[SourceQuality "1"]

1. d4 d5 2. c4 c6 3. Nc3 Nf6 4. Bg5 e6 5. cxd5 exd5 6. e3 Be7 7. Bd3 0-0 8. Nf3 Bg4 9. h3 Bh5 10. g4 Bg6 11. Bxg6 hxg6 12. Bxf6 Bxf6 13. Qb3 b6 14. g5 Bxg5 15. h4 Bf6 16. h5 gxh5 17. Rxh5 g6 18. Rh2 Kg7 19. 0-0-0 Rh8 20. Rdh1 Rxh2 21. Rxh2 Nd7 22. Ne2 Qe7 23. Ng3 Rh8 24. Qc2 Rxh2 25. Nxh2 Qe6 26. Qe2 c5 27. dxc5 Nxc5 28. Qg4 Nd3+ 29. Kc2 Qxg4 30. Nxg4 1/2-1/2

[Event "Cheliabinsk-ch final"]
[Site "Cheliabinsk"]
[Date "2013.01.22"]
[Round "5"]
[White "Safronov, Sergey"]
[Black "Panov, Maksim"]
[Result "0-1"]
[WhiteElo "2255"]
[BlackElo "2051"]
[PlyCount "86"]
[EventDate "2013.01.15"]
[EventType "swiss"]
[EventRounds "9"]
[EventCountry "RUS"]
[SourceTitle "EXT 2014"]
[Source "ChessBase"]
[SourceDate "2013.11.20"]
[SourceVersion "1"]
[SourceVersionDate "2013.11.20"]
[SourceQuality "1"]

1. c4 g6 2. Nc3 Bg7 3. Nf3 Nf6 4. g3 0-0 5. Bg2 d6 6. d4 Nc6 7. 0-0 e5 8. dxe5 Nxe5 9. Nxe5 dxe5 10. Qxd8 Rxd8 11. Bg5 Rd4 12. Nd5 Nxd5 13. cxd5 e4 14. Rad1 Bf5 15. Rxd4 Bxd4 16. Rc1 Be5 17. Rc4 f6 18. Bf4 Bxf4 19. gxf4 Rd8 20. Rxc7 Rxd5 21. h4 Rd1+ 22. Kh2 Rd2 23. Rxb7 Rxe2 24. Kg3 e3 25. fxe3 Rxg2+ 26. Kf3 Rh2 27. Rb8+ Kf7 28. e4 Bd7 29. Rb7 Ke7 30. Rxa7 Rxb2 31. Ke3 Rb4 32. h5 Ra4 33. Rxa4 Bxa4 34. hxg6 hxg6 35. Kd4 Ke6 36. Kc5 g5 37. fxg5 fxg5 38. Kd4 Bc2 39. a3 Ba4 40. Ke3 Ke5 41. Kf3 Bd1+ 42. Ke3 g4 43. Kd2 Bf3 0-1

[Event "Cheliabinsk-ch final"]
[Site "Cheliabinsk"]
[Date "2013.01.19"]
[Round "3"]
[White "Matsenko, Vadim"]
[Black "Panov, Maksim"]
[Result "1/2-1/2"]
[WhiteElo "2157"]
[BlackElo "2051"]
[PlyCount "36"]
[EventDate "2013.01.15"]
[EventType "swiss"]
[EventRounds "9"]
[EventCountry "RUS"]
[SourceTitle "EXT 2014"]
[Source "ChessBase"]
[SourceDate "2013.11.20"]
[SourceVersion "1"]
[SourceVersionDate "2013.11.20"]
[SourceQuality "1"]

1. e4 d5 2. exd5 Nf6 3. c4 c6 4. Nc3 cxd5 5. d4 g6 6. Nf3 Bg7 7. Bg5 0-0 8. Bxf6 Bxf6 9. Nxd5 Bg7 10. Ne3 Nc6 11. Nc2 Bg4 12. Be2 Bxf3 13. Bxf3 Qa5+ 14. Qd2 Qxd2+ 15. Kxd2 Nxd4 16. Nxd4 Bxd4 17. Ke2 Rac8 18. Rac1 b6 1/2-1/2

[Event "Urals-ch"]
[Site "Satka"]
[Date "2012.03.30"]
[Round "7"]
[White "Mikhailov, Vladimir1111"]
[Black "Panov, Maksim"]
[Result "0-1"]
[WhiteElo "1972"]
[BlackElo "2048"]
[PlyCount "106"]
[EventDate "2012.03.24"]
[EventType "swiss"]
[EventRounds "9"]
[EventCountry "RUS"]
[SourceTitle "CBM 147 Extra"]
[Source "ChessBase"]
[SourceDate "2012.04.24"]
[SourceVersion "1"]
[SourceVersionDate "2012.04.24"]
[SourceQuality "1"]

1. e4 d5 2. exd5 Nf6 3. d4 Nxd5 4. c4 Nb6 5. Nf3 g6 6. Nc3 Bg7 7. c5 Nd5 8. Bc4 Nxc3 9. bxc3 0-0 10. 0-0 Nc6 11. Bf4 b6 12. Bb5 Na5 13. Qa4 Bf5 14. Ne5 a6 15. Be2 f6 16. Ng4 Bd7 17. Qa3 h5 18. Ne3 e5 19. Bg3 exd4 20. cxd4 Nc6 21. Bc4+ Kh7 22. Bd5 f5 23. Bxc6 Bxc6 24. Be5 Bxe5 25. dxe5 f4 26. Rad1 Qg5 27. Nd5 Rad8 28. cxb6 cxb6 29. Qe7+ Qxe7 30. Nxe7 Bb5 31. Rfe1 Rxd1 32. Rxd1 Re8 33. Nd5 Rxe5 34. Nxb6 f3 35. g3 Be2 36. Rb1 Rc5 37. h3 Kg7 38. Nd7 Rc2 39. a4 Ra2 40. Nc5 Kf7 41. Rb7+ Kf6 42. Rb6+ Kf5 43. g4+ Kg5 44. Kh2 hxg4 45. hxg4 Kh4 46. Rxg6 Bc4 47. Kg1 Ra1+ 48. Kh2 Rf1 49. Ne4 Bd3 50. Re6 Bxe4 51. Rxe4 Rxf2+ 52. Kh1 Kg3 53. Re1 Rh2+ 0-1